000 00554nam a22001817a 4500
999 _c60676
_d60676
005 20231006122238.0
008 231006s1965 enk||||| |||| 00| 0 eng d
041 _aeng
080 _a069 M-69
100 _aMilliadis, Yiannis
_920015
245 _aA Concise Guide To The Acropolis Museum.
264 _aAthens,
_c1965.
300 _a61 p.:
_bill.;
_c21 cm.
440 _aService of antiquiies and restoration
_920010
653 _aაკროპოლისის მუზეუმი
653 _aგზამკვლევი
942 _2udc
_cBK